| 000 | 00564nam a2200205 i 4500 | ||
|---|---|---|---|
| 001 | 40485 | ||
| 003 | ES-MaACL | ||
| 005 | 20231212062534.0 | ||
| 007 | t| | ||
| 008 | 030306s1974 sp ||||1| spa d | ||
| 100 | 1 |
_aCaro Baroja, Julio, _d1914-1995 _935403 |
|
| 245 | 1 | 0 |
_aVasconiana / _cJulio Caro Baroja. |
| 250 | _a2ª ed. | ||
| 260 |
_aSan Sebastián : _bTxertoa, _c[1974] |
||
| 300 |
_a235 p. ; _c20 cm. |
||
| 490 | 1 |
_aEstudios vascos ; _v3 |
|
| 830 | 0 |
_aEstudios vascos ; _v3 _9181860 |
|
| 852 |
_aES-MaACL _jE-6900 _bR.91298 |
||
| 999 |
_c40485 _d40485 |
||